[Event "21st European Teams"]
[Site "Hersonissos GRE"]
[Date "2017.11.04"]
[Round "7.14"]
[Board "2"]
[White "Hammer, Jon Ludvig"]
[Black "Brunello, Sabino"]
[Result "1/2-1/2"]
[WhiteTitle "GM"]
[BlackTitle "GM"]
[WhiteElo "2632"]
[BlackElo "2555"]
[WhiteTeam "Norway"]
[BlackTeam "Italy"]
[WhiteFideId "1503707"]
[BlackFideId "813613"]
[EventDate "2017.10.28"]

1. e4 e5 2. Nf3 Nc6 3. Bb5 a6 4. Ba4 Nf6 5. O-O Be7 6. Re1 b5 7. Bb3 d6 8. c3
O-O 9. h3 Nb8 10. d4 Nbd7 11. Nbd2 Bb7 12. Bc2 Re8 13. Nf1 Bf8 14. Ng3 g6 15. a4
c5 16. d5 c4 17. Bg5 Be7 18. Be3 Qc7 19. Nh2 Nc5 20. f4 exf4 21. Bxf4 Bf8 22.
Qf3 Bg7 23. Bg5 Nfd7 24. Ng4 f6 25. Be3 Re7 26. axb5 axb5 27. Rxa8+ Bxa8 28. Rf1
Bb7 29. Bh6 Rf7 30. Bxg7 Kxg7 31. Qf4 Ne5 32. Nxe5 dxe5 33. Qe3 Qd6 34. Kh2 f5
35. exf5 Qxd5 36. Rf2 e4 37. fxg6 Rxf2 38. Qxf2 hxg6 39. Qe3 Nd3 40. Kg1 Nxb2
41. Bxe4 Qe5 42. Qa7 Qxg3 43. Qxb7+ Kh6 44. Qxb5 Qe3+ 45. Kh2 Qf4+ 46. Kg1 Qe3+
47. Kh2 Qf4+ 48. Kg1 Qe3+ 1/2-1/2

[Event "21st European Teams"]
[Site "Hersonissos GRE"]
[Date "2017.11.04"]
[Round "7.14"]
[Board "3"]
[White "Godena, Michele"]
[Black "Christiansen, Johan-Sebastian"]
[Result "1-0"]
[WhiteTitle "GM"]
[BlackTitle "IM"]
[WhiteElo "2489"]
[BlackElo "2462"]
[WhiteTeam "Italy"]
[BlackTeam "Norway"]
[WhiteFideId "800090"]
[BlackFideId "1512668"]
[EventDate "2017.10.28"]

1. e4 e6 2. d4 d5 3. Nd2 Be7 4. c3 c5 5. dxc5 Nf6 6. exd5 Nxd5 7. Ne4 O-O 8. Bc4
Qc7 9. Ne2 b6 10. Bxd5 exd5 11. cxb6 axb6 12. N4g3 Rd8 13. O-O Nc6 14. Bf4 Qd7
15. Re1 g6 16. Nd4 Bf6 17. Nxc6 Qxc6 18. Ne2 Ba6 19. Nd4 Qc4 20. Be5 Bxe5 21.
Rxe5 Qc7 22. Qe1 Bd3 23. Re3 Bc4 24. a3 Qd7 25. Re7 Qd6 26. Qe5 Qxe5 27. Rxe5
Kf8 28. Rae1 Rd7 29. f3 Rc8 30. g4 h6 31. h4 Ba6 32. Kf2 Bc4 33. h5 Rd6 34. hxg6
Rxg6 35. Rh1 Kg7 36. Reh5 Re8 37. Rxh6 Rxh6 38. Nf5+ Kg8 39. Nxh6+ Kf8 40. Re1 1-0

[Event "21st European Teams"]
[Site "Hersonissos GRE"]
[Date "2017.11.04"]
[Round "7.14"]
[Board "4"]
[White "Notkevich, Benjamin Arvola"]
[Black "Moroni, Luca Jr"]
[Result "0-1"]
[WhiteTitle "IM"]
[BlackTitle "GM"]
[WhiteElo "2458"]
[BlackElo "2506"]
[WhiteTeam "Norway"]
[BlackTeam "Italy"]
[WhiteFideId "1506536"]
[BlackFideId "865834"]
[EventDate "2017.10.28"]

1. e4 e5 2. Nf3 Nc6 3. d4 exd4 4. Nxd4 Bc5 5. Be3 Qf6 6. c3 Nge7 7. Bc4 O-O 8.
O-O Bb6 9. f4 Nxd4 10. Bxd4 d5 11. exd5 Nf5 12. Bf2 Bxf2+ 13. Rxf2 Ne3 14. Qb3
Ng4 15. Rf3 Qh4 16. h3 Qe1+ 17. Bf1 Nf6 18. c4 Re8 19. Qc2 Ne4 20. f5 Re5 21. b3
Bxf5 22. Qb2 Ng5 23. Rf2 Bxh3 24. Nc3 Qe3 25. gxh3 Rf5 26. Nd1 Qg3+ 27. Kh1 Nxh3
28. Bxh3 Qxh3+ 29. Kg1 Qg3+ 30. Kf1 Qh3+ 31. Kg1 Qg3+ 32. Kf1 Re8 33. Qd2 Qh3+
34. Kg1 Re1+ 0-1

[Event "21st European Teams"]
[Site "Hersonissos GRE"]
[Date "2017.11.04"]
[Round "7.15"]
[Board "1"]
[White "Nikolaidis, Ioannis"]
[Black "Hristodoulou, Panagiotis"]
[Result "1/2-1/2"]
[WhiteTitle "GM"]
[BlackTitle "FM"]
[WhiteElo "2519"]
[BlackElo "2318"]
[WhiteTeam "Greece 2"]
[BlackTeam "Greece - Crete"]
[WhiteFideId "4202139"]
[BlackFideId "4214340"]
[EventDate "2017.10.28"]

1. d4 d5 2. Nf3 Nf6 3. c4 e6 4. Nc3 c6 5. e3 Nbd7 6. Qc2 Bd6 7. Bd3 O-O 8. O-O
dxc4 9. Bxc4 b5 10. Be2 Qe7 11. a3 a6 12. e4 e5 13. Bg5 h6 14. Bh4 Re8 15. Rad1
Bb8 16. Kh1 Bb7 17. Rfe1 c5 18. d5 c4 19. a4 Qc5 20. Nd2 Rc8 21. Rc1 Bd6 22. Nd1
Qb6 23. Ne3 Bc5 24. Ndf1 g6 25. Bg4 Nxg4 26. Nxg4 h5 27. Nge3 Bd4 28. g4 hxg4
29. Nxg4 f5 30. exf5 Bxd5+ 31. Kg1 1/2-1/2

[Event "21st European Teams"]
[Site "Hersonissos GRE"]
[Date "2017.11.04"]
[Round "7.15"]
[Board "2"]
[White "Naoum, Spyridon"]
[Black "Kelires, Andreas"]
[Result "1/2-1/2"]
[BlackTitle "GM"]
[WhiteElo "2295"]
[BlackElo "2510"]
[WhiteTeam "Greece - Crete"]
[BlackTeam "Greece 2"]
[WhiteFideId "4227506"]
[BlackFideId "5900727"]
[EventDate "2017.10.28"]

1. Nc3 d5 2. e4 d4 3. Nce2 c5 4. Ng3 Nc6 5. Bb5 Qc7 6. Nf3 h5 7. c3 e5 8. d3 h4
9. Nf5 h3 10. gxh3 g6 11. Ng3 Bg7 12. h4 Bd7 13. Bd2 a6 14. Bc4 b5 15. Bb3 Nf6
16. cxd4 Nxd4 17. Nxd4 exd4 18. Rc1 Rc8 19. Qf3 Bg4 20. Qg2 Qe7 21. Bg5 Bh6 22.
f3 Bd7 23. f4 c4 24. dxc4 Bxg5 25. hxg5 Ng4 26. Bd1 Ne3 27. Qd2 O-O 28. Bf3 Nxc4
29. Qxd4 Rfd8 30. O-O Bh3 31. Qf2 Bxf1 32. Nxf1 Ne5 33. Rxc8 Nxf3+ 34. Qxf3 Rxc8
35. Ne3 Rc1+ 36. Kg2 Qc5 37. Kh3 Qd4 38. f5 Qd3 39. fxg6 fxg6 40. Qf4 Rc8 41.
Kh4 Rf8 42. Qe5 Qxe3 43. Qe6+ Rf7 44. Qxg6+ Kf8 45. Qd6+ Re7 46. Qd8+ Kf7 47.
g6+ Ke6 48. Qd5+ Kf6 49. Qd6+ Re6 50. Qf8+ Ke5 51. Qf5+ Kd6 52. Qd5+ Ke7 53.
Qb7+ Kd8 54. Qd5+ Ke7 55. Qb7+ Kd8 56. Qd5+ Ke7 57. Qb7+ Kd8 58. Qd5+ 1/2-1/2

[Event "21st European Teams"]
[Site "Hersonissos GRE"]
[Date "2017.11.04"]
[Round "7.15"]
[Board "3"]
[White "Theodorou, Nikolas"]
[Black "Anagnostopoulos, Konstantinos"]
[Result "1-0"]
[WhiteTitle "IM"]
[WhiteElo "2512"]
[BlackElo "2290"]
[WhiteTeam "Greece 2"]
[BlackTeam "Greece - Crete"]
[WhiteFideId "4262875"]
[BlackFideId "4251067"]
[EventDate "2017.10.28"]

1. d4 d5 2. Nf3 Nf6 3. c4 c6 4. e3 g6 5. b3 Bg7 6. Bb2 Ne4 7. Nc3 Nxc3 8. Bxc3
O-O 9. Be2 c5 10. Rc1 cxd4 11. Nxd4 dxc4 12. bxc4 Bd7 13. O-O Nc6 14. Qb3 e5 15.
Nb5 Qg5 16. Rfd1 Rad8 17. Nd6 b6 18. Bf3 Qe7 19. Qa3 Be8 20. c5 e4 21. Nxe4
Rxd1+ 22. Rxd1 Ne5 23. Bxe5 Bxe5 24. Nd6 bxc5 25. Qxc5 Ba4 26. Rd5 Rb8 27. g3
Bg7 28. Kg2 Rb2 29. Rd3 Rxa2 30. Qc4 Ra1 31. Nxf7 Bf6 32. Ng5+ Kg7 33. Ne6+ Kh6
34. Qf4+ g5 35. Qg4 Be8 36. Qh3+ 1-0

[Event "21st European Teams"]
[Site "Hersonissos GRE"]
[Date "2017.11.04"]
[Round "7.15"]
[Board "4"]
[White "Papadopoulos, Argirios"]
[Black "Malikentzos, Sotirios"]
[Result "1-0"]
[WhiteTitle "FM"]
[BlackTitle "FM"]
[WhiteElo "2182"]
[BlackElo "2434"]
[WhiteTeam "Greece - Crete"]
[BlackTeam "Greece 2"]
[WhiteFideId "4241509"]
[BlackFideId "4215079"]
[EventDate "2017.10.28"]

1. e4 c6 2. d4 d5 3. Nc3 dxe4 4. Nxe4 Bf5 5. Ng3 Bg6 6. Nh3 Nf6 7. Nf4 e5 8.
Nxg6 hxg6 9. dxe5 Qa5+ 10. Bd2 Qxe5+ 11. Qe2 Nbd7 12. Qxe5+ Nxe5 13. f4 Ned7 14.
O-O-O Bd6 15. Re1+ Kf8 16. Ne4 Nxe4 17. Rxe4 Nf6 18. Rd4 Bc5 19. Rc4 Bb6 20. Be2
Nd5 21. Bf3 Rd8 22. h3 f5 23. a4 a5 24. Bxd5 Rxd5 25. Rc3 Bc7 26. Rb3 b6 27. Be3
c5 28. Rd1 Rxd1+ 29. Kxd1 Rh4 30. Ke2 Ke7 31. Kf3 g5 32. fxg5 Rxa4 33. g3 g6 34.
Bf4 Kd7 35. h4 c4 36. Ra3 Rxa3+ 37. bxa3 Bd8 38. a4 Ke6 39. Bd2 Bc7 40. Bc3 Bd8
41. g4 Be7 42. Bd4 Bd8 43. h5 gxh5 44. gxh5 Bxg5 45. Bxb6 Bd2 46. Ke2 Bc3 47.
Ke3 Ke5 48. h6 f4+ 49. Kf3 Kf5 50. h7 Kg6 51. Bxa5 Bd4 52. Bb6 1-0

[Event "21st European Teams"]
[Site "Hersonissos GRE"]
[Date "2017.11.04"]
[Round "7.16"]
[Board "1"]
[White "Pancevski, Filip"]
[Black "Ragger, Markus"]
[Result "0-1"]
[WhiteTitle "IM"]
[BlackTitle "GM"]
[WhiteElo "2489"]
[BlackElo "2659"]
[WhiteTeam "FYROM"]
[BlackTeam "Austria"]
[WhiteFideId "15002187"]
[BlackFideId "1610856"]
[EventDate "2017.10.28"]

1. e4 e5 2. Nf3 Nc6 3. Bb5 a6 4. Ba4 Nf6 5. O-O Be7 6. d4 exd4 7. e5 Ne4 8. Nxd4
O-O 9. Nf5 Nc5 10. Qg4 g6 11. Bxc6 dxc6 12. Nxe7+ Qxe7 13. Qg3 Re8 14. Re1 Bf5
15. Nc3 Ne6 16. Ne4 Bxe4 17. Rxe4 Rad8 18. Be3 Rd5 19. Re1 Red8 20. Qf3 Ng7 21.
h4 Qe6 22. Bg5 R8d7 23. b3 Rd4 24. Bf6 Rxe4 25. Qxe4 Qd5 26. Qxd5 cxd5 27. g4
Ne6 28. Kg2 d4 29. Rd1 Rd5 30. Rd2 Rc5 31. Kf3 Rc3+ 32. Ke4 Kf8 33. Re2 h6 34.
Rd2 Ke8 35. Re2 Kd7 36. Rd2 c5 37. a4 a5 38. Re2 Kc6 39. Be7 Kd7 40. Bf6 c4 41.
bxc4 Rxc4 42. Rd2 Kc6 43. Be7 Rxa4 44. Rd1 Rc4 45. Rd3 Rxc2 46. Rf3 Re2+ 47. Kd3
Rxe5 48. Rxf7 Rb5 49. f4 Kd5 50. f5 Nf4+ 51. Kc2 Kc4 52. Ba3 gxf5 53. gxf5 Nd5
54. Bc1 Rb6 55. Rf8 Rc6 56. Ra8 b5 57. Rg8 d3+ 58. Kb2 Kd4 59. f6 Rc2+ 0-1

[Event "21st European Teams"]
[Site "Hersonissos GRE"]
[Date "2017.11.04"]
[Round "7.16"]
[Board "2"]
[White "Shengelia, David"]
[Black "Nedev, Trajko"]
[Result "1-0"]
[WhiteTitle "GM"]
[BlackTitle "GM"]
[WhiteElo "2556"]
[BlackElo "2479"]
[WhiteTeam "Austria"]
[BlackTeam "FYROM"]
[WhiteFideId "13601270"]
[BlackFideId "15000605"]
[EventDate "2017.10.28"]

1. d4 Nf6 2. c4 g6 3. Nf3 Bg7 4. g3 d5 5. cxd5 Nxd5 6. Bg2 Nb6 7. O-O Nc6 8. e3
O-O 9. Nc3 Re8 10. Qd2 a5 11. Rd1 a4 12. d5 Na5 13. Qc2 Bd7 14. e4 c6 15. Be3
Nbc4 16. Bd4 Bxd4 17. Rxd4 c5 18. Rdd1 b5 19. b3 Nb6 20. e5 axb3 21. axb3 b4 22.
e6 bxc3 23. Qxc3 f6 24. exd7 Nxd7 25. d6 Qb6 26. Ng5 exd6 27. Bxa8 Rxa8 28. Ne4 1-0

[Event "21st European Teams"]
[Site "Hersonissos GRE"]
[Date "2017.11.04"]
[Round "7.16"]
[Board "3"]
[White "Stojanovski, Dejan"]
[Black "Dragnev, Valentin"]
[Result "0-1"]
[WhiteTitle "IM"]
[BlackTitle "IM"]
[WhiteElo "2454"]
[BlackElo "2466"]
[WhiteTeam "FYROM"]
[BlackTeam "Austria"]
[WhiteFideId "15000796"]
[BlackFideId "1634852"]
[EventDate "2017.10.28"]

1. e4 e5 2. Nf3 Nc6 3. Bb5 a6 4. Ba4 Nf6 5. Nc3 b5 6. Bb3 Be7 7. d3 d6 8. a3 O-O
9. O-O Na5 10. Ba2 Be6 11. Bg5 Bxa2 12. Rxa2 c6 13. Ne2 h6 14. Bd2 c5 15. Ng3
Re8 16. Nf5 Bf8 17. Bxa5 Qxa5 18. Ne3 Qd8 19. Nd2 d5 20. exd5 Nxd5 21. Nxd5 Qxd5
22. b3 f5 23. Qe2 Rad8 24. f3 c4 25. bxc4 bxc4 26. Nxc4 e4 27. fxe4 fxe4 28. Qg4
Bc5+ 29. Kh1 Bd4 30. h3 Bc3 31. Qe2 Rc8 32. Qd1 Rxc4 33. dxc4 Qxd1 0-1

[Event "21st European Teams"]
[Site "Hersonissos GRE"]
[Date "2017.11.04"]
[Round "7.16"]
[Board "4"]
[White "Diermair, Andreas"]
[Black "Nikolovski, Nikola"]
[Result "1/2-1/2"]
[WhiteTitle "IM"]
[BlackTitle "FM"]
[WhiteElo "2488"]
[BlackElo "2420"]
[WhiteTeam "Austria"]
[BlackTeam "FYROM"]
[WhiteFideId "1612468"]
[BlackFideId "15002314"]
[EventDate "2017.10.28"]

1. Nf3 Nf6 2. c4 c5 3. Nc3 Nc6 4. g3 g6 5. d4 cxd4 6. Nxd4 Bg7 7. Bg2 O-O 8. O-O
Qa5 9. e3 d6 10. Nxc6 bxc6 11. Bd2 Bg4 12. Qe1 Qa6 13. b3 d5 14. h3 Bf5 15. Qe2
Ne4 16. Bxe4 Bxe4 17. Rac1 Bf5 18. g4 Be6 19. cxd5 Qxe2 20. Nxe2 cxd5 21. Bb4
Bf6 22. Rc7 Rfc8 23. Rfc1 Kf8 24. Nf4 Rxc7 25. Rxc7 a5 26. Bc5 Ke8 27. Rb7 Bc8
28. Rb5 e6 29. a4 Bd8 30. Bd4 Bd7 31. Rc5 Rb8 32. Rc3 f6 33. Bc5 g5 34. Nh5 Kf7
35. f4 h6 36. Kg2 Rc8 37. Bd4 Rb8 38. Bc5 Kg6 39. Ng3 Rb7 40. Bd6 gxf4 41. exf4
d4 42. Rd3 Bc6+ 43. Kf1 Bd5 44. Rxd4 Rxb3 45. f5+ Kf7 46. Nh5 Rxh3 47. fxe6+
Bxe6 48. Kg2 Rc3 49. Bg3 Be7 50. Be1 Rc5 51. Kg3 Bd5 52. Bd2 Bd6+ 53. Bf4 Be5
54. Rd2 Rc3+ 55. Kh4 Bc6 56. Bxe5 fxe5 57. Rd6 Bxa4 58. Rxh6 Bc2 59. Ra6 a4 60.
Kg5 Rf3 61. Nf6 e4 62. Nxe4 Bxe4 63. Rxa4 Bc6 64. Rf4+ 1/2-1/2

[Event "21st European Teams"]
[Site "Hersonissos GRE"]
[Date "2017.11.04"]
[Round "7.17"]
[Board "1"]
[White "Ftacnik, Lubomir"]
[Black "Ferreira, Jorge Viterbo"]
[Result "1-0"]
[WhiteTitle "GM"]
[BlackTitle "IM"]
[WhiteElo "2546"]
[BlackElo "2499"]
[WhiteTeam "Slovakia"]
[BlackTeam "Portugal"]
[WhiteFideId "14900017"]
[BlackFideId "1910850"]
[EventDate "2017.10.28"]

1. Nf3 f5 2. d4 Nf6 3. g3 g6 4. Bg2 Bg7 5. b3 O-O 6. Bb2 b6 7. O-O Bb7 8. c4 e6
9. Nc3 Qe7 10. Rc1 a5 11. d5 Na6 12. Nd4 Nc5 13. Ndb5 d6 14. a3 e5 15. b4 Na6
16. Qb3 Kh8 17. e3 h5 18. Rce1 h4 19. f4 e4 20. Nd4 Bc8 21. Nc6 Qf7 22. Ne2 Kh7
23. gxh4 Rh8 24. Ned4 Bd7 25. Ne5 dxe5 26. fxe5 Ng4 27. e6 Qe7 28. h3 Qxh4 29.
exd7 Be5 30. Ne6 Bh2+ 31. Kh1 Bd6 32. Qc3 Rhg8 33. Rf4 axb4 34. Qd2 Nc5 35. Ref1
Nd3 36. Rxg4 fxg4 37. Rf7+ Kh6 38. Bf6 g5 39. Bxe4 Rg6 40. Bxg5+ 1-0

[Event "21st European Teams"]
[Site "Hersonissos GRE"]
[Date "2017.11.04"]
[Round "7.17"]
[Board "2"]
[White "Fernandes, Antonio"]
[Black "Markos, Jan"]
[Result "0-1"]
[WhiteTitle "GM"]
[BlackTitle "GM"]
[WhiteElo "2442"]
[BlackElo "2559"]
[WhiteTeam "Portugal"]
[BlackTeam "Slovakia"]
[WhiteFideId "1900021"]
[BlackFideId "14903474"]
[EventDate "2017.10.28"]

1. d4 Nf6 2. Nf3 c5 3. c3 b6 4. Bf4 Bb7 5. Nbd2 d6 6. h3 cxd4 7. cxd4 g6 8. e3
Bg7 9. Be2 O-O 10. O-O Nbd7 11. Bh2 a6 12. Qb3 Bd5 13. Bc4 Bxc4 14. Qxc4 b5 15.
Qc6 Qb8 16. Rfc1 Nb6 17. Qc7 Qxc7 18. Rxc7 Nfd5 19. Rc6 f5 20. a3 Na4 21. b3
Nac3 22. Kf1 Rfc8 23. Rxc8+ Rxc8 24. Rc1 Rc7 25. Ng5 Bh6 26. Ne6 Rc8 27. Nf4
Bxf4 28. Bxf4 a5 29. Bh2 a4 30. bxa4 bxa4 31. Bg1 Rb8 32. Rc2 Nb1 33. Nc4 Rb3
34. f3 Nxa3 35. Nxa3 Rxa3 36. Ke2 Nb4 37. Rc7 Ra2+ 38. Kf1 a3 39. Ra7 Ra1+ 40.
Kf2 a2 41. Ra8+ Kf7 0-1

[Event "21st European Teams"]
[Site "Hersonissos GRE"]
[Date "2017.11.04"]
[Round "7.17"]
[Board "3"]
[White "Repka, Christopher"]
[Black "Sousa, Andre Ventura"]
[Result "1-0"]
[WhiteTitle "IM"]
[BlackTitle "IM"]
[WhiteElo "2470"]
[BlackElo "2405"]
[WhiteTeam "Slovakia"]
[BlackTeam "Portugal"]
[WhiteFideId "14918781"]
[BlackFideId "1917617"]
[EventDate "2017.10.28"]

1. d4 Nf6 2. Nf3 d5 3. c4 e6 4. Nc3 Bb4 5. Qa4+ Nc6 6. e3 O-O 7. Qc2 Bd6 8. a3
dxc4 9. Bxc4 e5 10. d5 Ne7 11. e4 a6 12. Bg5 Ng6 13. Nh4 h6 14. Nxg6 fxg6 15.
Bd2 Nh5 16. Be3 Nf4 17. Bf1 Qe7 18. O-O-O b5 19. Kb1 g5 20. Na2 Bg4 21. Rc1 Qf7
22. Nb4 Qg6 23. Nd3 Nxd3 24. Bxd3 Bd7 25. Bc5 Rac8 26. Qd2 g4 27. Rhf1 Kh8 28.
Ka1 Kg8 29. Bb1 Kh8 30. Qe3 a5 31. Bxd6 Qxd6 32. Qa7 b4 33. Qc5 bxa3 34. Qxa3
Bb5 35. Rfd1 Qb4 36. Rc5 Ba4 37. Rf1 Qd4 38. Rfc1 Bd1 39. R5c3 Be2 40. Rxc7 Rb8
41. Qc3 Qa4+ 42. Ba2 Rfe8 43. Qd2 Bb5 44. f3 Qb4 45. R1c3 Rf8 46. Qc1 Kh7 47.
Ra7 Rb6 48. Rb3 Qd4 49. Rxa5 gxf3 50. gxf3 Rg6 51. Re3 Rg2 52. Rxb5 Ra8 53. Rbb3
Rd2 54. Re1 Ra5 55. Kb1 Rc5 56. Rc3 Rb5 57. Rc2 Qd3 58. Qxd2 1-0

[Event "21st European Teams"]
[Site "Hersonissos GRE"]
[Date "2017.11.04"]
[Round "7.17"]
[Board "4"]
[White "Silva, Luis Neves Da"]
[Black "Jurcik, Marian"]
[Result "1/2-1/2"]
[WhiteTitle "FM"]
[BlackTitle "GM"]
[WhiteElo "2355"]
[BlackElo "2479"]
[WhiteTeam "Portugal"]
[BlackTeam "Slovakia"]
[WhiteFideId "1919121"]
[BlackFideId "14907518"]
[EventDate "2017.10.28"]

1. d4 d6 2. Nf3 g6 3. c4 f5 4. Nc3 Nf6 5. Bf4 Bg7 6. e3 Nc6 7. d5 e5 8. dxe6
Bxe6 9. Be2 O-O 10. Ng5 Qe7 11. Nxe6 Qxe6 12. Qb3 Ne4 13. Nxe4 fxe4 14. Qxb7 Qd7
15. O-O Rab8 16. Bg4 Rxb7 17. Bxd7 Nd4 18. exd4 Rxf4 19. b3 Bxd4 20. Rae1 e3 21.
fxe3 Rxf1+ 22. Kxf1 Be5 23. g3 c5 24. Be6+ Kg7 25. Ke2 a5 26. Kd3 a4 27. bxa4
Ra7 28. Rf1 h5 29. Ke4 Rxa4 30. Rf7+ Kh6 31. Rf2 Ra3 32. Bh3 g5 33. Be6 Kg6 34.
Bf7+ Kh6 35. Re2 Ra7 36. Be6 Kg6 37. Bf5+ Kh6 38. Kd5 Ra3 39. Be4 g4 40. Ke6 Kg5
41. Bc6 h4 42. gxh4+ Kxh4 43. Kf5 Kh3 44. Rg2 Ra7 45. a4 Rxa4 46. Rxg4 Ra3 47.
Rg6 Kxh2 48. e4 Rg3 49. Rh6+ Rh3 50. Rg6 1/2-1/2

[Event "21st European Teams"]
[Site "Hersonissos GRE"]
[Date "2017.11.04"]
[Round "7.18"]
[Board "1"]
[White "Djukic, Nikola"]
[Black "Hovhannisyan, Mher"]
[Result "1-0"]
[WhiteTitle "GM"]
[BlackTitle "IM"]
[WhiteElo "2519"]
[BlackElo "2466"]
[WhiteTeam "Montenegro"]
[BlackTeam "Belgium"]
[WhiteFideId "922412"]
[BlackFideId "13300865"]
[EventDate "2017.10.28"]

1. e4 e6 2. d4 d5 3. Nc3 Nf6 4. e5 Nfd7 5. f4 c5 6. Nf3 Nc6 7. Be3 Be7 8. dxc5
Bxc5 9. Qd2 O-O 10. O-O-O Qa5 11. a3 Be7 12. Nb5 Qxd2+ 13. Nxd2 a6 14. Nd4 Nxd4
15. Bxd4 Nc5 16. Be2 Bd7 17. Rhf1 Rfc8 18. Kb1 b5 19. c3 Na4 20. Rc1 Rab8 21.
Nf3 Rb7 22. Rc2 Rbc7 23. Rfc1 h6 24. b4 f5 25. exf6 gxf6 26. Bd3 Be8 27. g3 Bh5
28. g4 Bf7 29. g5 e5 30. gxf6 exd4 31. fxe7 dxc3 32. Rg2+ Kh8 33. Re1 c2+ 34.
Rxc2 Rxc2 35. Bxc2 Kg7 36. Bf5 Rc3 37. Ne5 Rb3+ 38. Kc2 Rb2+ 39. Kc1 Be8 40. Bd7
Bh5 41. f5 d4 42. e8=Q Bxe8 43. Bxe8 Rf2 44. f6+ Rxf6 45. Rg1+ Kh8 46. Kc2 Rf5
47. Ng6+ Kh7 48. Kd3 Nc3 49. Re1 Nd5 50. Kxd4 Kg7 51. Re5 Rxe5 52. Nxe5 1-0

[Event "21st European Teams"]
[Site "Hersonissos GRE"]
[Date "2017.11.04"]
[Round "7.18"]
[Board "2"]
[White "Godart, Francois"]
[Black "Blagojevic, Dragisa"]
[Result "1/2-1/2"]
[WhiteTitle "IM"]
[BlackTitle "GM"]
[WhiteElo "2397"]
[BlackElo "2488"]
[WhiteTeam "Belgium"]
[BlackTeam "Montenegro"]
[WhiteFideId "208078"]
[BlackFideId "900885"]
[EventDate "2017.10.28"]

1. d4 d5 2. c4 e6 3. Nc3 c6 4. e4 dxe4 5. Nxe4 Bb4+ 6. Bd2 Qxd4 7. Bxb4 Qxe4+ 8.
Ne2 Nd7 9. Qd6 a5 10. Ba3 c5 11. O-O-O Ra6 12. Nc3 Rxd6 13. Nxe4 Rc6 14. Rd6 Rc7
15. Nc3 Ke7 16. Nb5 Ngf6 17. Rxe6+ fxe6 18. Nxc7 b6 19. Be2 Ne5 20. Na8 Nc6 21.
Nxb6 Nb4 22. Bxb4 axb4 23. Nxc8+ Rxc8 24. Bf3 Nd7 25. Re1 Kf6 26. Be4 Ne5 27. b3
g5 28. Rd1 Ke7 29. h3 h5 30. f3 Rf8 31. Kd2 Rd8+ 32. Ke2 Rxd1 33. Kxd1 h4 34.
Kc2 Kd6 35. Kb2 Kc7 36. a4 bxa3+ 37. Kxa3 Kb6 38. Ka4 Nd7 39. b4 cxb4 40. Kxb4
Nc5 41. Kc3 e5 42. Kd2 Ka5 43. Ke3 Kb4 44. Bd5 Kc3 45. Bf7 Kb4 46. Bd5 1/2-1/2

[Event "21st European Teams"]
[Site "Hersonissos GRE"]
[Date "2017.11.04"]
[Round "7.18"]
[Board "3"]
[White "Kosic, Dragan"]
[Black "Beukema, Stefan"]
[Result "0-1"]
[WhiteTitle "GM"]
[BlackTitle "IM"]
[WhiteElo "2493"]
[BlackElo "2378"]
[WhiteTeam "Montenegro"]
[BlackTeam "Belgium"]
[WhiteFideId "900290"]
[BlackFideId "1024523"]
[EventDate "2017.10.28"]

1. d4 f5 2. Nc3 Nf6 3. Bg5 d5 4. e3 Be6 5. Bd3 Nbd7 6. Nf3 g6 7. Bf4 a6 8. h3 c5
9. g4 c4 10. gxf5 Bxf5 11. Bxf5 gxf5 12. Ne5 e6 13. a3 Rg8 14. Qf3 Qa5 15. Ke2
O-O-O 16. Nf7 Re8 17. b4 Qb6 18. Rhg1 Be7 19. Bh2 Ne4 20. Nxe4 dxe4 21. Qf4 c3
22. f3 Qc6 23. Kf2 exf3 24. Nd6+ Bxd6 25. Qxd6 Qxd6 26. Bxd6 Nf6 27. Kxf3 Kd7
28. Be5 Ne4 29. a4 Kc6 30. Ke2 Kd5 31. b5 axb5 32. axb5 Ra8 33. Rxg8 Rxg8 34.
Kf3 h5 35. Bf4 h4 36. Ra7 Rg1 37. Rxb7 Rc1 38. Ke2 Rxc2+ 39. Kd1 Rb2 40. Rc7
Nf2+ 0-1

[Event "21st European Teams"]
[Site "Hersonissos GRE"]
[Date "2017.11.04"]
[Round "7.18"]
[Board "4"]
[White "Claesen, Pieter"]
[Black "Kalezic, Blazo"]
[Result "1/2-1/2"]
[WhiteTitle "IM"]
[BlackTitle "IM"]
[WhiteElo "2316"]
[BlackElo "2465"]
[WhiteTeam "Belgium"]
[BlackTeam "Montenegro"]
[WhiteFideId "200727"]
[BlackFideId "921815"]
[EventDate "2017.10.28"]

1. c4 e5 2. Nc3 Bb4 3. Nd5 Bc5 4. b4 Bd4 5. Rb1 c6 6. e3 cxd5 7. exd4 d6 8. dxe5
dxe5 9. Nf3 e4 10. Ne5 Nf6 11. d4 h6 12. c5 O-O 13. Be2 Nfd7 14. Nxd7 Nxd7 15.
O-O f5 16. f3 Nf6 17. Bf4 Be6 18. Qb3 Kh7 19. fxe4 Nxe4 20. Qe3 g5 21. Be5 f4
22. Qc1 Bf5 23. Rb3 a6 24. a4 Qe8 25. b5 axb5 26. Rxb5 Ra7 27. Qb2 Qf7 28. a5 h5
29. Rb6 Rfa8 30. Bxh5 Qxh5 31. Rxb7+ Bd7 32. c6 Qf7 33. cxd7 Rxb7 34. Qxb7 Rd8
35. a6 Rxd7 36. Qc8 Re7 37. Rc1 g4 38. Rc6 Rxe5 39. dxe5 Qa7+ 40. Rc5 Nxc5 41.
Qf5+ Kh6 42. Qxf4+ Kh5 1/2-1/2

[Event "21st European Teams"]
[Site "Hersonissos GRE"]
[Date "2017.11.04"]
[Round "7.19"]
[Board "1"]
[White "Saraci, Nderim"]
[Black "Ziska, Helgi Dam"]
[Result "0-1"]
[WhiteTitle "FM"]
[BlackTitle "GM"]
[WhiteElo "2393"]
[BlackElo "2545"]
[WhiteTeam "Kosovo"]
[BlackTeam "Faroe Islands"]
[WhiteFideId "6351921"]
[BlackFideId "7200595"]
[EventDate "2017.10.28"]

1. Nf3 Nf6 2. g3 g6 3. b3 Bg7 4. Bb2 d6 5. d4 O-O 6. Bg2 c5 7. O-O cxd4 8. Nxd4
d5 9. Nf3 Nc6 10. Ne5 Qd6 11. Nxc6 bxc6 12. c4 Rd8 13. cxd5 cxd5 14. Nc3 Ba6 15.
Qd2 Rac8 16. Rfd1 d4 17. Ne4 Qe6 18. Nxf6+ Bxf6 19. Bf1 Qd5 20. e4 Qxe4 21. Bxa6
Rc2 22. Qd3 Qxd3 23. Bxd3 Rxb2 24. Rdb1 Rxb1+ 25. Rxb1 Rc8 26. Bc4 e5 27. f3 Bg5
28. Kf2 Kf8 29. Ke2 f5 30. Kd3 Be3 31. Rb2 Ke7 32. Rc2 Kd6 33. g4 Re8 34. gxf5
gxf5 35. Rg2 e4+ 36. fxe4 fxe4+ 0-1